000 00345nam a2200133Ia 4500
008 240624s9999 xx 000 0 und d
041 _aeng
082 _a332.632 ELC
100 _aELCOCK GILLIAN D
245 _aHOW TO GET AN EQUITY RESEARCH ANALYST JO
260 _c2010
_aManagement
_bEcademy Press
300 _a157 p.; 28 cm.
365 _cRS
999 _c28816
_d28816